000 00329 a2200157 4500
001 46900
020 _a9788566653045
040 _cAnchieta - Aquarius
100 _aAraujo, LaĆ­s
240 1 0 _a*Que quintal!
_lpor
245 1 0 _a*Que quintal!
300 _a24
362 0 _a2013
650 4 _aLiteratura infantil
942 _cBK
999 _c46900
_d46900